| 000 | 01161pam a2200325 a 4500 | ||
|---|---|---|---|
| 001 | 14269 | ||
| 003 | BD-JhCC | ||
| 005 | 20250226084251.0 | ||
| 008 | 920529s1993 nyua b 001 0 eng | ||
| 020 | _a0471574953 (acidfree paper) | ||
| 035 | _a(BD-JhCC)14269 | ||
| 040 |
_aDLC _cDLC _dDLC |
||
| 041 | _aenglish | ||
| 050 | 0 | 0 |
_aTK7874 _b.G688 1993 |
| 082 | 0 | 0 |
_a621.3815 _220 _bPAU 1993 |
| 100 | 1 |
_aGray, Paul R., _d1942- |
|
| 245 | 1 | 0 |
_aAnalysis and design of analog integrated circuits / _cPaul R. Gray, Robert G. Meyer. |
| 250 | _a3rd ed. | ||
| 260 |
_aNew York : _bWiley, _c1993. |
||
| 300 |
_axiv, 792 p. : _bill. ; _c26 cm. |
||
| 504 | _aIncludes bibliographical references and index. | ||
| 650 | 0 |
_aLinear integrated circuits _xComputer-aided design. |
|
| 650 | 0 |
_aMetal oxide semiconductors _xComputer-aided design. |
|
| 650 | 0 |
_aBipolar transistors _xComputer-aided design. |
|
| 700 | 1 |
_aMeyer, Robert G., _d1942- |
|
| 856 | 4 |
_3Table of Contents only _uhttp://www.loc.gov/catdir/toc/onix02/92018648.html |
|
| 856 | 4 | 2 |
_3Publisher description _uhttp://www.loc.gov/catdir/enhancements/fy0607/92018648-d.html |
| 942 |
_2ddc _cBK |
||
| 999 |
_c14269 _d14269 |
||